Nový model ludského a sociálneho kapitálu v znalostnej ekonomike a manažmente
Príspevok je orientovaný na otázky stratégie sociálneho rozvoja a kvality života. Reaguje na vystupujúce zmeny nástupom nových indikátorov a smerov vývoja tvorby bohatstva a kvality života. Nové indikátory prezentujú znalosti, intelektuálne produkty a multikultúra. Nastupuje prienik humanizácie, eti...
Enregistré dans:
| Auteur principal: | |
|---|---|
| Format: | Chapitre de livre |
| Langue: | slovaque |
| Sujets: | |
| Tags: |
Pas de tags, Soyez le premier à ajouter un tag!
|
MARC
| LEADER | 00000nla a2200000 4500 | ||
|---|---|---|---|
| 001 | 0152809 | ||
| 005 | 20240502072724.5 | ||
| 041 | 0 | |a slo | |
| 044 | |a SK | ||
| 245 | 1 | 0 | |a Nový model ludského a sociálneho kapitálu v znalostnej ekonomike a manažmente |c Július Alexy |
| 520 | |a Príspevok je orientovaný na otázky stratégie sociálneho rozvoja a kvality života. Reaguje na vystupujúce zmeny nástupom nových indikátorov a smerov vývoja tvorby bohatstva a kvality života. Nové indikátory prezentujú znalosti, intelektuálne produkty a multikultúra. Nastupuje prienik humanizácie, etiky, ekonomickej solidarity do súčasnej znalostnej ekonomiky. Do popredia sa dostáva podnikatelská etika, ktorá orientuje správanie sa subjektu vo svete podnikania. Vystupujú tiež prostriedky k riešeniu súčasných problémov využívaním poznatkov vyspelej informačnej spoločnosti, novovystupujúce indikátory prieniku humanistickej ekonomiky s ekonomickou solidaritou. | ||
| 610 | 2 | 0 | |a kapitál ľudský |
| 610 | 2 | 0 | |a kapitál sociálny |
| 610 | 2 | 0 | |a rozvoj sociálny |
| 610 | 2 | 0 | |a ekonomika znalostná |
| 610 | 2 | 0 | |a manažment |
| 100 | 1 | |a Alexy, Július, 1926-2024 | |